00217nam a2200073Ia 4500008004100000100002300041245006000064260001900124120527s9999 xx 000 0 und d aHarris, P.J.M.etal aAccounting in the hold and catering industry. Fouth ed. bStanlet Thomas